LEADER 01235nam a2200265 a 4500 001 000000161323 003 CaOOAMICUS 005 20170614092438.0 008 170614s1977 be m 001 u fre r 032 $aLibriCat 040 $aPUL$bita 100 1 $aUgirashebuja, Octave.$0(OLS)http://pul/name/103321 245 10$aDialogue entre la poésie et la pensée d'après l'oeuvre de Heidegger /$cpar Octave Ugirashebuja. 260 $aBruxelles :$bLumen vitae,$c1977. 300 $a236 p. ;$c24 cm. 502 $aTesi -- Pontificia Universitas Gregoriana. Facultas philosophiae. 1977. 504 $aBibliografia in nota. 600 14$aHeidegger, Martin,$d1889-1976$xCritica e interpretazione.$0(OLS)http://pul/subject/4941 710 2 $aPontificia Università Gregoriana.$bFacoltà di filosofia.$kTesi.$0(OLS)http://pul/name/82053 850 $aPUL 852 $aPUL$W1$xDP1 Tesi Pon. Univ. Gregoriana$y40$mTH PUG 2610$j185281$qTesi$B188480$CPULBib$Z2$F188480 $H45029 $82 941 1 $a16 996 $6245$aDialogue entre la poésie et la pensée d'après l'oeuvre de Heidegger$9(OLS)http://pul/title/201038 996 $6260$aBruxelles :$bLumen vitae$9(OLS)http://pul/publisher/77892 LEADER 02101nam a2200409 a 4500 001 000000165649 003 CaOOAMICUS 005 20180213111028.0 008 180202m20129999it u000 u ita r 020 $a978-88-421-0963-1 (v. 2)* 020 $a978-88-421-0964-8 (v. 3)* 032 $aLibriCat 040 $aPUL$bita 082 04$a109 100 1 $aEsposito, Costantino,$d1955-$0(OLS)http://pul/name/34411 245 13$aLe avventure della ragione :$bautori e testi della filosofia /$cCostantino Esposito, Pasquale Porro. 260 $aRoma ;$aBari :$bLaterza,$c©2012- 300 $av. ;$c26 cm. 500 $aInclude indici. 505 1 $aV. 2. Dall'Umanesimo all'Idealismo. -- v. 3. Dalla crisi dell'Idealismo ai giorni nostri. 650 4$aFilosofia$xStoria.$0(OLS)http://pul/subject/580 700 1 $aPorro, Pasquale.$0(OLS)http://pul/name/24399 740 02$aDall'Umanesimo all'Idealismo. 740 02$aDalla crisi dell'Idealismo ai giorni nostri. 850 $aPUL 852 $aPUL$W1$xSL Cons. Gen., Altre Classi 1$y1$m1391 A 14.1$j191489$bV.1$qStampati$B195357$CPULBib$Z2$F195357 $H130771 $81 852 $aPUL$W1$xSL Cons. Gen., Altre Classi 1$y1$m1391 A 14.2$j190134$bV.2$qStampati$B192991$CPULBib$Z2$F192991 $H130318 $81 852 $aPUL$W1$xSL Cons. Gen., Altre Classi 1$y1$m1391 A 14.3$j190379$bV.3$qStampati$B193278$CPULBib$Z2$F193278 $H130527 $81 941 1 $a8 996 $6020$a978-88-421-0963-1 (v. 2)*$9(OLS)http://pul/number/163341 996 $6020$a978-88-421-0964-8 (v. 3)*$9(OLS)http://pul/number/163484 996 $6082$a109$9(OLS)http://pul/classification/436 996 $6740$aDall'Umanesimo all'Idealismo$9(OLS)http://pul/title/205334 996 $6245$aLe avventure della ragione :$bautori e testi della filosofia$9(OLS)http://pul/title/205333 996 $6740$aDalla crisi dell'Idealismo ai giorni nostri$9(OLS)http://pul/title/205606 996 $6260$aRoma ;$aBari :$bLaterza$9(OLS)http://pul/publisher/57682